Marketing in the Digital Age/ (Record no. 183205)

MARC details
000 -LEADER
fixed length control field 00600 a2200181 4500
005 - DATE AND TIME OF LATEST TRANSACTION
control field 20220221122753.0
010 ## - LCCN (DPL NO)
LC control number ENG-130431
020 ## - INTERNATIONAL STANDARD BOOK NUMBER
International Standard Book Number 978-93-5388-768-1
Terms of availability 595.00
035 ## - SYSTEM CONTROL NUMBER
System control number EN-113963
037 ## - SOURCE OF ACQUISITION
Source of stock number/acquisition DBAD/PUB
082 ## - DEWEY DECIMAL CLASSIFICATION NUMBER
Classification number 658.8002854
Item number 1
100 ## - MAIN ENTRY--PERSONAL NAME
Personal name Kumar, Dinesh
245 ## - TITLE STATEMENT
Title Marketing in the Digital Age/
Statement of responsibility, etc Dinesh Kumar
260 ## - PUBLICATION, DISTRIBUTION, ETC. (IMPRINT)
Place of publication, distribution, etc New Delhi
Name of publisher, distributor, etc Sage Publications India Pvt Ltd.
Date of publication, distribution, etc 2021
270 ## - ADDRESS
Address B-I/I-I, Mohan Cooperative Industrial Area, Mathura Road
City New Delhi
Postal code 110044
300 ## - PHYSICAL DESCRIPTION
Extent xxxi, 342p.
Dimensions 22cm (pbk)
Other physical details Index
942 ## - ADDED ENTRY ELEMENTS (KOHA)
Institution code [OBSOLETE] dpl
Item type English Books
Source of classification or shelving scheme Dewey Decimal Classification
Classification part 658.8002854
Call number suffix DIN
Holdings
Withdrawn status Lost status Not for loan Collection code Home library Current library Date acquired Source of acquisition Cost, normal purchase price Full call number Barcode Copy number Cost, replacement price Koha item type
      Non-fiction Ashok Vihar Ashok Vihar 20/12/2021 DBAD/PUB 595.00 658.8002854 DIN EN-113963 1 595.00 English Books

© Delhi Public Library
Hit Counter
free hit counter